000 00376cam a22001217a 4500
008 180718b xxu||||| |||| 00| 0 eng d
082 _aA44x54 SU76/66-5
100 _aGopalakrishnan,R
245 _aSupreme court encyclopaedia
_cby R. Gopalakrishnan
260 _aNew Delhi
_bSupreme Court
_c
300 _avi, 412p
650 _aLaw reports, digests, etc. --India. [from old catalog]
999 _c408005
_d408005